Statistiques concernant Top 15 des pays avec les décès de Covid-19 - 25 août 2021

Cliquez ici pour prendre le quiz!

Statistiques générales

  • Ce quiz a été pris 23 fois
  • Le résultat moyen est 13 sur 25

Statistiques - réponses

pays% Correct
Etats-Unis
100%
France
95%
Brésil
91%
Russie
91%
Espagne
86%
Inde
82%
Italie
77%
Argentine
73%
Allemagne
68%
Mexique
68%
Royaume-Uni
68%
Colombie
59%
Pérou
55%
Belgique
50%
Indonésie
41%
Iran
32%
Tchèquie
27%
Croatie
23%
Hongrie
23%
Paraguay
18%
Slovénie
18%
Bulgarie
14%
Slovaquie
14%
Bosnie-Herzégovine
9%
Macédoine du Nord
5%

Distribution des résultats

Percentile par nombre de réponses

% des personnes avec chaque résultat

Votre développement - résultats

Vous n’avez pas pris ce quiz